Probability and random processes : with applications to signal processing and communications /
Guardado en:
| Autor Principal: | |
|---|---|
| Otros Autores: | |
| Formato: | Libro |
| Idioma: | English |
| Publicado: |
Amsterdam :
Elsevier Academic Press,
c2004.
|
| Materias: | |
| Acceso en línea: | Publisher description |
| Etiquetas: |
Agregar Etiqueta
Sin Etiquetas, Sea el primero en etiquetar este registro!
|
| LEADER | 01312cam a22002534a 4500 | ||
|---|---|---|---|
| 001 | MAT.inmabb004794 | ||
| 008 | 040430s2004####ne#a##########001#0#eng## | ||
| 005 | 20130401014653.0 | ||
| 245 | 1 | 0 | |a Probability and random processes : |b with applications to signal processing and communications / |c Scott L. Miller, Donald Childers. |
| 260 | |a Amsterdam : |b Elsevier Academic Press, |c c2004. | ||
| 300 | |a xiii, 536 p. : |b il. ; |c 24 cm. | ||
| 500 | |a Incluye índices. | ||
| 505 | 0 | |a 1. Introduction -- 2. Introduction to Probability Theory -- 3. Random Variables, Distributions and Density Functions -- 4. Operations on a Single Random Variable -- 5. Pairs of Random Variables -- 6. Multiple Random Variables -- 7. Random Sequences and Series -- 8. Random Processes -- 9. Markov Processes -- 10. Power Spectral Density -- 11. Random Processes in Linear Systems -- 12. Simulation Techniques. | |
| 020 | |a 0121726517 | ||
| 100 | 1 | |a Miller, Scott L. | |
| 700 | 1 | |a Childers, Donald G. | |
| 650 | 0 | |a Signal processing |x Mathematics. | |
| 650 | 0 | |a Probabilities. | |
| 650 | 0 | |a Stochastic processes. | |
| 084 | |a 60-01 (60K30 62M15) |2 MR | ||
| 010 | |a 2004010367 | ||
| 040 | |a DLC |c DLC |d DLC | ||
| 856 | 4 | 2 | |3 Publisher description |u http://www.loc.gov/catdir/description/els051/2004010367.html |
| 859 | |h 60 |i M647 |p A-8493 |b BIB. MATEMATICA | ||
